00759nam a2200193 a 450000100100000000500170001000800410002702000150006804000250008310000390010824501020014726000820024930000210033149000230035270000380037583000300041395201050044399900170054800004008920201002033918.0130806s1994 ag 000 0 spa d a9505342365 aDO-SdBNPbspacBNPHU1 aSarmiento, Domingo Faustino96635210aArgirópolis /cDomingo Faustino Sarmiento ;estudios preliminar y prólogo de Félix Weinberg. aBuenos Aires :bSecretaría de Cultura de la NaciónbA-Z, Editores,c1994. a125 p. ;c20 cm.1 aIdentidad nacional1 aWeinberg, Félixepról.966353 0aIdentidad nacional966354 001050718MOaGRbGRcCTd2013-08-06iLF1l0o p40089-10r2020-06-25w2020-06-25y1ZNo se presta c39579d39579